Top 15 Największe Miasta Europy - Statystyki

Ogólne statystyki
  • Ten quiz został rozwiązany 258 razy
  • Średni wynik to 11 z 15
Statystyki odpowiedzi
Ludność Odpowiedź % Poprawnych
12.2 MLN Moskwa
95%
1.77 MLN Warszawa
95%
3.7 MLN Berlin
93%
2.1 MLN Paryż
93%
8.7 MLN Londyn
91%
3.2 MLN Madryt
90%
2.8 MLN Rzym
83%
2.9 MLN Kijów
72%
15 MLN Stambuł
69%
1.84 MLN Wiedeń
56%
1.75 MLN Budapeszt
55%
5.3 MLN Petersburg
54%
1.87 MLN Bukareszt
46%
1.9 MLN Mińsk
39%
1.83 MLN Hamburg
35%
Nie znaleziono quizów pasujących do podanych kryteriów
Rozkład punktacji
Procent ludzi z każdym wynikiem
Percentyl według liczby udzielonych odpowiedzi
Twoja historia wyników
Nie rozwiązałeś tego quizu